Readings of the Lotus S?tra : (Record no. 606710)

MARC details
000 -LEADER
fixed length control field 00510nam a2200193 a 4500
008 - FIXED-LENGTH DATA ELEMENTS--GENERAL INFORMATION
fixed length control field 251229s2009##################000#0#eng##
020 ## - INTERNATIONAL STANDARD BOOK NUMBER
ISBN 9780231142892
082 04 - DEWEY DECIMAL CLASSIFICATION NUMBER
Classification number 294.385
Item number TEI
100 1# - MAIN ENTRY--AUTHOR NAME
Personal name Teiser, Stephen F.,
245 10 - TITLE STATEMENT
Title Readings of the Lotus S?tra :
260 ## - PUBLICATION, DISTRIBUTION, ETC. (IMPRINT)
Name of publisher Columbia University Press,
Year of publication 2009.
300 ## - PHYSICAL DESCRIPTION
Number of Pages 300 pages
650 #0 - SUBJECT ADDED ENTRY--TOPICAL TERM
Topical Term History.
942 ## - ADDED ENTRY ELEMENTS (KOHA)
Koha item type English Books
Holdings
Withdrawn status Lost status Damaged status Not for loan Home library Current library Shelving location Date acquired Full call number Accession Number Price effective from Koha item type
        Anna Centenary Library Anna Centenary Library 3RD FLOOR, B WING 02.01.2026 294.385 TEI 168673 02.01.2026 English Books

Find us on the map